Auditing & assurance services : (Record no. 1265)
[ view plain ]
| 000 -LEADER | |
|---|---|
| fixed length control field | 01183cam a2200373 a 4500 |
| 003 - CONTROL NUMBER IDENTIFIER | |
| control field | CaOOAMICUS |
| 005 - DATE AND TIME OF LATEST TRANSACTION | |
| control field | 20210625043821.0 |
| 008 - FIXED-LENGTH DATA ELEMENTS--GENERAL INFORMATION | |
| fixed length control field | 040916s2005 onca b 001 0 eng |
| 020 ## - INTERNATIONAL STANDARD BOOK NUMBER | |
| International Standard Book Number | 0070919151 |
| 040 ## - CATALOGING SOURCE | |
| Transcribing agency | CaOONL |
| 055 01 - CLASSIFICATION NUMBERS ASSIGNED IN CANADA | |
| Classification number | HF5667 |
| 055 #3 - CLASSIFICATION NUMBERS ASSIGNED IN CANADA | |
| -- | HF5667 |
| -- | .M48 2004 |
| 082 0# - DEWEY DECIMAL CLASSIFICATION NUMBER | |
| -- | 657/.45 |
| 090 ## - LOCALLY ASSIGNED LC-TYPE CALL NUMBER (OCLC); LOCAL CALL NUMBER (RLIN) | |
| Classification number (OCLC) (R) ; Classification number, CALL (RLIN) (NR) | 657.45 M26 2005 |
| 100 1# - MAIN ENTRY--PERSONAL NAME | |
| Personal name | Messier, William F. |
| 245 10 - TITLE STATEMENT | |
| Title | Auditing & assurance services : |
| Remainder of title | a systematic approach / |
| Statement of responsibility, etc. | William F. Messier Jr., Craig E.N. Emby. |
| 250 ## - EDITION STATEMENT | |
| Edition statement | Second Canadian edition |
| 260 ## - PUBLICATION, DISTRIBUTION, ETC. | |
| Place of publication, distribution, etc. | Toronto : |
| Name of publisher, distributor, etc. | McGraw-Hill Ryerson, |
| Date of publication, distribution, etc. | c2005. |
| 300 ## - PHYSICAL DESCRIPTION | |
| Extent | xxxi, 736 pages : |
| Other physical details | color illustrations ; |
| Dimensions | 26 cm. |
| 336 ## - CONTENT TYPE | |
| Content type term | text |
| Content type code | txt |
| Source | rdacontent |
| 337 ## - MEDIA TYPE | |
| Media type term | unmediated |
| Media type code | n |
| Source | rdamedia |
| 338 ## - CARRIER TYPE | |
| Carrier type term | volume |
| Carrier type code | nc |
| Source | rdacarrier |
| 500 ## - GENERAL NOTE | |
| General note | Includes bibliographical references and index. |
| 650 #0 - SUBJECT ADDED ENTRY--TOPICAL TERM | |
| Topical term or geographic name entry element | Auditing |
| Form subdivision | Textbooks. |
| 700 1# - ADDED ENTRY--PERSONAL NAME | |
| Personal name | Emby, Craig E. N. |
| Fuller form of name | (Craig Edward Neale), |
| Dates associated with a name | 1951- |
| 906 ## - LOCAL DATA ELEMENT F, LDF (RLIN) | |
| a | IT:0:2 |
| 942 ## - ADDED ENTRY ELEMENTS (KOHA) | |
| Source of classification or shelving scheme | |
| Koha item type | Book |
| Suppress in OPAC | MM |
| 948 ## - LOCAL PROCESSING INFORMATION (OCLC); SERIES PART DESIGNATOR (RLIN) | |
| Series part designator, SPT (RLIN) | 21/04/2005 |
| b (OCLC) | 26/07/2005 |
| Withdrawn status | Lost status | Source of classification or shelving scheme | Damaged status | Not for loan | Permanent Location | Current Location | Shelving location | Date acquired | Total Checkouts | Full call number | Barcode | Date last seen | Price effective from | Koha item type | Public note |
|---|---|---|---|---|---|---|---|---|---|---|---|---|---|---|---|
| AU LIBRARY | AU LIBRARY | Open Shelf | 25.06.2021 | HF5667 .M46 2005 | 28000232 | 25.06.2021 | 25.06.2021 | Book | MM |